| 000 | 00524nam a2200169Ia 4500 | ||
|---|---|---|---|
| 008 | 090201s9999 xx 000 0 und d | ||
| 010 | _aKPL-43200 | ||
| 040 | _bमराठी | ||
| 041 | _aमराठी | ||
| 082 |
_a25380 _b43200 |
||
| 100 | _aयोगिनी जोगळेकर | ||
| 245 |
_aसार्थक _cयोगिनी जोगळेकर |
||
| 260 |
_c2004 _bदिलीपराज प्रकाशन |
||
| 300 |
_a215 _bमोठा |
||
| 600 | _aसार्थक | ||
| 942 | _cBOOK | ||
| 999 |
_c224604 _d224604 |
||